000 00842nam a22002777a 4500
001 6453
003 FISKH
005 20250505103226.0
008 250505b cb ||||| |||| 00| 0 eng d
020 _a9780439676564
040 _aFISKH
_beng
_cFISKH
_dFISKH
050 _aPZ7
082 _a646.4
100 _aCali, Jennifer
245 _aWhat's the weather?
_cby Jennifer Cali ; Illustrated by Edward Miller
260 _aNew York ;
_bScholastic,
_c2004
300 _a7 pages :
_bcolor illustrations ;
_c20 x​ 23 cm
505 _aaa
520 _aThe reader is invited to guess what the weather is like by looking at how children are dressed.
521 8 _a20
_bLexile
521 8 _aaa
_bRaz-Plus
650 _aScience
_vWeather
700 _aMiller, Edward
_eillustrator
942 _2ddc
_cBK
_n0
999 _c6453
_d6453